Economics /
An introduction to Australian capitalism. Macroeconomic activity: Output, employment and fiscal policy. Money, monetary policy and economic stability. Economic growth and development...
Na minha lista:
| Formato: | Livro |
|---|---|
| Idioma: | English |
| Publicado em: |
Sydney :
McGraw-Hill,
1998.
|
| Edição: | 5th ed. |
| Assuntos: | |
| Tags: |
Adicionar Tag
Sem tags, seja o primeiro a adicionar uma tag!
|
| Thư viện lưu trữ: | Mạng thư viện Đại học Đà Nẵng |
|---|
| LEADER | 01124cam a2200373 i 4500 | ||
|---|---|---|---|
| 001 | 000049581 | ||
| 003 | 9331 | ||
| 005 | 20030312135732.0 | ||
| 008 | 010315|1998 vm 000 eng | ||
| 020 | |a 0074703544 | ||
| 040 | |a IRC |c IRC |d IRC | ||
| 041 | 0 | |a eng | |
| 082 | 1 | 4 | |a 330 |b Eco |
| 245 | 0 | 0 | |a Economics / |c John Jackson .. [et al.] |
| 250 | |a 5th ed. | ||
| 260 | |a Sydney : |b McGraw-Hill, |c 1998. | ||
| 300 | |a 1025p.,1 v. (various pagings) : |b ill. ; |c 25.5cm. | ||
| 520 | 3 | |a An introduction to Australian capitalism. Macroeconomic activity: Output, employment and fiscal policy. Money, monetary policy and economic stability. Economic growth and development... | |
| 630 | 0 | 4 | |a Australia. |
| 630 | 0 | 4 | |a Economics. |
| 650 | 0 | 4 | |a Economics. |
| 650 | 0 | 4 | |a Australia |b Economic conditions. |
| 650 | 0 | 4 | |a Australia |b Economic policy. |
| 651 | 4 | |a Australia |x Economic policy. | |
| OWN | |a DUT | ||
| 999 | |a From the UDN01 | ||
| TYP | |a Monograph | ||
| TYP | |a Printed language | ||
| 980 | |a Mạng thư viện Đại học Đà Nẵng | ||


